[Event "Iberoamerican-ch 8th"]
[Site "Mexico City"]
[Date "2022.02.15"]
[Round "5"]
[White "Gongora Montes, Benjamin"]
[Black "Hernandez Morales, Dillan"]
[Result "1-0"]
[WhiteElo "2157"]
[BlackElo "1846"]
[PlyCount "61"]
[EventDate "2022.02.12"]
[EventType "swiss"]
[EventRounds "9"]
[EventCountry "MEX"]
[SourceTitle "CBM 206 Extra"]
[Source "ChessBase"]
[SourceDate "2022.03.31"]
[SourceVersion "1"]
[SourceVersionDate "2022.03.31"]
[SourceQuality "1"]

1. d4 Nf6 2. Nf3 e6 3. Bg5 h6 4. Bxf6 Qxf6 5. e4 d6 6. e5 dxe5 7. dxe5 Qf4 8. c3 Bd7 9. Nbd2 Nc6 10. Qe2 g5 11. g3 Qf5 12. Nc4 Bc5 13. Bg2 a6 14. a4 Rd8 15. b4 Ba7 16. b5 Nb8 17. b6 Bxb6 18. Nxb6 cxb6 19. Nd4 Qg6 20. Bxb7 0-0 21. 0-0 Bc8 22. Be4 f5 23. exf6 Qxf6 24. f4 Qg7 25. fxg5 Rxf1+ 26. Rxf1 hxg5 27. Qh5 Rf8 28. Bh7+ Kh8 29. Rxf8+ Qxf8 30. Be4+ Kg7 31. Qg6+ 1-0

[Event "Iberoamerican-ch 8th"]
[Site "Mexico City"]
[Date "2022.02.13"]
[Round "3"]
[White "Alfaro Caracas, William"]
[Black "Hernandez Morales, Dillan"]
[Result "1-0"]
[WhiteElo "2143"]
[BlackElo "1846"]
[PlyCount "108"]
[EventDate "2022.02.12"]
[EventType "swiss"]
[EventRounds "9"]
[EventCountry "MEX"]
[SourceTitle "CBM 206 Extra"]
[Source "ChessBase"]
[SourceDate "2022.03.31"]
[SourceVersion "1"]
[SourceVersionDate "2022.03.31"]
[SourceQuality "1"]

1. d4 Nf6 2. c4 e6 3. Nf3 c5 4. d5 exd5 5. cxd5 d6 6. Nc3 g6 7. h3 Bg7 8. Bf4 0-0 9. e3 a6 10. a4 Ne8 11. Be2 Nd7 12. 0-0 Qe7 13. Re1 f5 14. Bh2 Rb8 15. Nd2 b6 16. Qc2 Bb7 17. Rad1 Be5 18. Bxe5 Nxe5 19. f4 Nf7 20. Bf1 Qf6 21. Qc1 Nc7 22. e4 Rfe8 23. Nf3 Rbd8 24. exf5 gxf5 25. Qd2 Rxe1 26. Rxe1 Re8 27. Rxe8+ Nxe8 28. Bc4 Nc7 29. Qd3 Bc8 30. Kf2 Kf8 31. Qc2 Ne8 32. Qb3 Qd8 33. Bd3 Qc7 34. Nd2 Qe7 35. Nf3 Qd8 36. Qc2 Ng7 37. Qe2 Qe7 38. Bxa6 Qxe2+ 39. Bxe2 Nh5 40. g3 Nf6 41. Bd3 h5 42. Nd2 Bb7 43. Nc4 Nxd5 44. Nxd5 Bxd5 45. Nxb6 Be6 46. a5 Nd8 47. Bb5 h4 48. a6 hxg3+ 49. Kxg3 Nf7 50. a7 Kg7 51. a8Q Kf6 52. Nc8 d5 53. b4 cxb4 54. Qa1+ Kg6 1-0

[Event "Iberoamerican-ch 8th"]
[Site "Mexico City"]
[Date "2022.02.12"]
[Round "1"]
[White "Diaz Rosas, Julio Cesar"]
[Black "Hernandez Morales, Dillan"]
[Result "1-0"]
[WhiteElo "2393"]
[BlackElo "1846"]
[PlyCount "79"]
[EventDate "2022.02.12"]
[EventType "swiss"]
[EventRounds "9"]
[EventCountry "MEX"]
[SourceTitle "CBM 206 Extra"]
[Source "ChessBase"]
[SourceDate "2022.03.31"]
[SourceVersion "1"]
[SourceVersionDate "2022.03.31"]
[SourceQuality "1"]

1. e4 c5 2. Nf3 Nc6 3. Bb5 g6 4. 0-0 Bg7 5. Re1 Nf6 6. Bxc6 dxc6 7. d3 0-0 8. Nc3 b6 9. h3 Qc7 10. Be3 e5 11. a3 Nh5 12. Qd2 Be6 13. Bh6 Bxh6 14. Qxh6 f6 15. Ne2 Rae8 16. b4 cxb4 17. axb4 Nf4 18. Nxf4 exf4 19. d4 Re7 20. c3 Rfe8 21. e5 fxe5 22. Nxe5 f3 23. Nxf3 c5 24. bxc5 bxc5 25. Re5 cxd4 26. cxd4 Bf5 27. Qe3 Rxe5 28. dxe5 Re7 29. Rc1 Qb8 30. Qc5 Qb7 31. Nd4 Be4 32. Qc8+ Qxc8 33. Rxc8+ Kg7 34. Rc5 a6 35. f3 Bd3 36. Kf2 Rb7 37. g4 Rb2+ 38. Ke3 Bb5 39. Rc7+ Kg8 40. h4 1-0

[Event "Mexican op 66th"]
[Site "Villahermosa"]
[Date "2021.08.07"]
[Round "6"]
[White "Lopez Gil, Alfredo"]
[Black "Hernandez Morales, Dillan"]
[Result "1/2-1/2"]
[WhiteElo "1943"]
[BlackElo "1859"]
[PlyCount "49"]
[EventDate "2021.08.04"]
[EventType "swiss"]
[EventRounds "8"]
[EventCountry "MEX"]
[SourceTitle "CBM 203 Extra"]
[Source "ChessBase"]
[SourceDate "2021.09.30"]
[SourceVersion "1"]
[SourceVersionDate "2021.09.30"]
[SourceQuality "1"]

1. d4 Nf6 2. c4 c5 3. d5 e6 4. Nc3 exd5 5. cxd5 d6 6. e4 g6 7. Nf3 Bg7 8. h3 0-0 9. Bd3 b5 10. Nxb5 Re8 11. Nc3 Nxe4 12. Bxe4 Ba6 13. Be3 Qa5 14. Qd2 Bxc3 15. Qxc3 Qb5 16. 0-0-0 Rxe4 17. Nd2 Re5 18. Nf3 Re4 19. Nd2 Re5 20. Nf3 Re6 21. Kb1 Re5 22. b3 Re7 23. Kc1 Re5 24. Nd2 Qd3 25. Nc4 1/2-1/2

[Event "Mexican op 66th"]
[Site "Villahermosa"]
[Date "2021.08.04"]
[Round "1"]
[White "Hernandez Morales, Dillan"]
[Black "Gracia Alvarez, Gerardo Antonio"]
[Result "1/2-1/2"]
[WhiteElo "1859"]
[BlackElo "2241"]
[PlyCount "41"]
[EventDate "2021.08.04"]
[EventType "swiss"]
[EventRounds "8"]
[EventCountry "MEX"]
[SourceTitle "CBM 203 Extra"]
[Source "ChessBase"]
[SourceDate "2021.09.30"]
[SourceVersion "1"]
[SourceVersionDate "2021.09.30"]
[SourceQuality "1"]

1. c4 c5 2. Nc3 g6 3. g3 Bg7 4. Bg2 Nc6 5. d3 e6 6. e4 Nge7 7. Nge2 d6 8. Be3 Nd4 9. Qd2 0-0 10. 0-0 Qa5 11. Nxd4 cxd4 12. Nd5 Qd8 13. Nxe7+ Qxe7 14. Bh6 e5 15. Bxg7 Kxg7 16. f4 f6 17. f5 Bd7 18. g4 g5 19. h4 gxh4 20. Kf2 Rf7 21. Rh1 1/2-1/2